Surveyors advising in respect of compulsory purchase and statutory compensation (Record no. 122002)

MARC details
000 -LEADER
fixed length control field 02400cad a22002535a 4500
008 - FIXED-LENGTH DATA ELEMENTS--GENERAL INFORMATION
fixed length control field 240923t2024 xxk fo 000 0 eng d
020 ## - INTERNATIONAL STANDARD BOOK NUMBER
International Standard Book Number 9781783215355
041 ## - LANGUAGE CODE
Language code of text/sound track or separate title eng
050 ## - LIBRARY OF CONGRESS CALL NUMBER
Classification number 711.14
110 ## - MAIN ENTRY--CORPORATE NAME
Corporate name or jurisdiction name as entry element Royal Institution of Chartered Surveyors
9 (RLIN) 4900
245 ## - TITLE STATEMENT
Title Surveyors advising in respect of compulsory purchase and statutory compensation
Medium [electronic resource]
250 ## - EDITION STATEMENT
Edition statement 2nd
260 ## - PUBLICATION, DISTRIBUTION, ETC.
Place of publication, distribution, etc. London,
Name of publisher, distributor, etc. RICS,
Date of publication, distribution, etc. September 2024
300 ## - PHYSICAL DESCRIPTION
Extent 29p.
490 ## - SERIES STATEMENT
Series statement RICS Professional Standard
520 ## - SUMMARY, ETC.
Summary, etc. The development of large infrastructure projects, such as the HS2 rail line, has placed compulsory purchase orders (CPOs) at the forefront of national discussions. The exercise of CPO powers can significantly impact the homes, livelihoods, and businesses of those affected, making it essential for surveyors to adhere to strict professional standards.<br/><br/>RICS has updated its professional standard, Surveyors advising in respect of compulsory purchase and statutory compensation to ensure it remains relevant and fit for purpose in this complex and evolving sector.<br/><br/>The standard sets out 21 mandatory professional behaviour and competence expectations of RICS members working in this field, ensuring best practices are upheld consistently by RICS professionals across the UK, with principles that resonate globally.<br/><br/>This professional standard applies:<br/><br/>when you provide advice regarding property interests and rights in the UK that relates to the seeking or use of compulsory purchase for the acquisition or use of land or rights by or against your client, or where the seeking or use of such powers is contemplated when you are advising a body that is relying on or seeking to rely on another body to seek or use compulsory purchase powers to acquire or use land or rights to assist with a project, and where compensation for injurious affection arises where no land is taken. Effective from 23 December 2024
520 ## - SUMMARY, ETC.
Summary, etc. From 23 December 2024 supersedes 1st edition ISBN 9781783211845
650 ## - SUBJECT ADDED ENTRY--TOPICAL TERM
Topical term or geographic name entry element STATUTORY COMPENSATION
651 #4 - SUBJECT ADDED ENTRY--GEOGRAPHIC NAME
Geographic name United Kingdom
690 ## - LOCAL SUBJECT ADDED ENTRY--TOPICAL TERM (OCLC, RLIN)
Topical term or geographic name as entry element Compulsory purchase
9 (RLIN) 6228
700 ## - ADDED ENTRY--PERSONAL NAME
Personal name Astbury, Paul
856 40 - ELECTRONIC LOCATION AND ACCESS
Uniform Resource Identifier <a href="https://www.rics.org/profession-standards/rics-standards-and-guidance/sector-standards/land-standards/surveyors-advising-in-respect-of-compulsory-purchase-and-statutory-compensation-uk">https://www.rics.org/profession-standards/rics-standards-and-guidance/sector-standards/land-standards/surveyors-advising-in-respect-of-compulsory-purchase-and-statutory-compensation-uk</a>
Public note Available on RICS.org
942 ## - ADDED ENTRY ELEMENTS (KOHA)
Suppress in OPAC 0
Source of classification or shelving scheme Dewey Decimal Classification
Holdings
Withdrawn status Lost status Damaged status Not for loan Home library Current library Shelving location Date acquired Total Checkouts Date last seen Price effective from Koha item type
        Virtual Virtual Online 23/09/2024   23/09/2024 23/09/2024 Online material